<?xml version="1.0" encoding="UTF-8"?>
<collection xmlns="http://www.loc.gov/MARC21/slim">
    <record>
        <controlfield tag="001">71973</controlfield>
        <controlfield tag="005">20180822112550.0</controlfield>
        <datafield tag="037" ind1=" " ind2=" ">
            <subfield code="a">GDOC-2017-26774</subfield>
        </datafield>
        <datafield tag="041" ind1=" " ind2=" ">
            <subfield code="a">spa</subfield>
        </datafield>
        <datafield tag="041" ind1=" " ind2=" ">
            <subfield code="a">eng</subfield>
        </datafield>
        <datafield tag="100" ind1=" " ind2=" ">
            <subfield code="0">(orcid)0000-0001-5821-3920</subfield>
            <subfield code="1">123062</subfield>
            <subfield code="a">JESÚS AGUAS, VALIENTE</subfield>
        </datafield>
        <datafield tag="245" ind1="0" ind2="0">
            <subfield code="9">26774</subfield>
            <subfield code="a">Aparato respiratorio y sistema nervioso</subfield>
        </datafield>
        <datafield tag="242" ind1="0" ind2="0">
            <subfield code="9">26774</subfield>
            <subfield code="a">Respiratory Apparatus and Nervous System</subfield>
        </datafield>
        <datafield tag="260" ind1=" " ind2=" ">
            <subfield code="a">Zaragoza</subfield>
            <subfield code="b">Universidad de Zaragoza</subfield>
            <subfield code="c">2017-2018</subfield>
        </datafield>
        <datafield tag="520" ind1=" " ind2=" ">
            <subfield code="a">Breve presentación de la asignatura




La asignatura Aparato respiratorio y Sistema nervioso, es de carácter obligatorio y forma parte del módulo 3 (Formación Clínica Humana) del Grado de Medicina.
Tiene una carga docente de 9 ECTS (225 horas) y se imparte en el 7º semestre (primer semestre del 4º curso del Grado de Medicina) ocupando el 30% de las enseñanzas que se imparten en ese semestre. Abarca la Patología médica y quirúrgica del Aparato Respiratorio y del Sistema Nervioso.


La parte correspondiente al Sistema Nervioso tiene una carga docente de 4 ECTS (100 horas) impartiéndose dentro del tiempo indicado para Aparato Respiratorio y Sistema Nervioso , de la que forma parte. De los 4 ECTS, 2,0 (50 horas) corresponden a la parte de Neurología y otros 2 (50 horas) a Neurocirugía. De estos tiempos hay que tener en cuenta que el 45 % corresponde a enseñanza presencial y el 55 % a enseñanza no presencial.


La materia correspondiente al Aparato Respiratorio, por ser una parte de la asignatura Aparato Respiratorio y Sistema nervioso, es de carácter obligatorio y forma parte del módulo 3 (Formación Clínica Humana) del Grado de Medicina. Tiene una carga docente de 5 ECTS (125 horas) y se imparte  en el 7º semestre (primer semestre del 4º curso del Grado de Medicina). De los 5 ECTS, 3,0 (75 horas) corresponden a Medicina y 2 (50 horas) a Cirugía, siendo el 45% de enseñanza presencial y el 55% de enseñanza no presencial 




</subfield>
            <subfield code="b">Brief Presentation of the Subject.
 
‘Respiratory and Nervous System’ is a compulsory Subject on the 3rd Module (Human Clinical Studies) of the Degree in Medicine.
It has a 9 ECTS teaching load and it is taught on the 7th Semester (1st Semester of the 4th Year) corresponding to a 30% of the Semester’s Lessons. It includes the medical and surgical pathologies of the Respiratory and Nervous Systems.

The Nervous System Block:

Has a 4 ECTS teaching load (100 hours). Lessons will be given within the indicated time for the ‘Respiratory and Nervous System’, subject in which this block is included.
Out of the 4 ECTS, 2 ECTS (50 hours) belong to Neurology and 2 ECTS (50 hours) belong to Neurosurgery.
Out of the 100 hours it should be considered that 45% belong to attendance-based teaching and 55% to non-attendance based learning.

The Respiratory System Block:

Has a 5 ECTS teaching load (125 hours). Lessons will be given within the indicated time for the ‘Respiratory and Nervous System’, subject in which this block is included.
Out of the 5 ECTS, 3 ECTS (75 hours) belong to Medicine and 2 ECTS (50 hours) belong to Surgery.
Out of the 125 hours it should be considered that 45% belong to attendance-based teaching and 55% to non-attendance based learning.</subfield>
        </datafield>
        <datafield tag="521" ind1=" " ind2=" ">
            <subfield code="9">118</subfield>
            <subfield code="a">Graduado en Medicina</subfield>
            <subfield code="b">Degree in Medicine</subfield>
        </datafield>
        <datafield tag="540" ind1=" " ind2=" ">
            <subfield code="a">by-nc-sa</subfield>
            <subfield code="b">Creative Commons</subfield>
            <subfield code="c">3.0</subfield>
            <subfield code="u">http://creativecommons.org/licenses/by-nc-sa/3.0/</subfield>
        </datafield>
        <datafield tag="700" ind1=" " ind2=" ">
            <subfield code="0">(orcid)0000-0002-1878-2712</subfield>
            <subfield code="1">390500</subfield>
            <subfield code="a">JUAN ANTONIO ALBERDI, VIÑAS</subfield>
        </datafield>
        <datafield tag="700" ind1=" " ind2=" ">
            <subfield code="0">(orcid)0000-0003-3670-2664</subfield>
            <subfield code="1">387360</subfield>
            <subfield code="a">SALVADOR BELLO, DRONDA</subfield>
        </datafield>
        <datafield tag="700" ind1=" " ind2=" ">
            <subfield code="0">(orcid)0000-0003-3883-3094</subfield>
            <subfield code="1">390346</subfield>
            <subfield code="a">JUAN BOSCO CALATAYUD, PÉREZ</subfield>
        </datafield>
        <datafield tag="700" ind1=" " ind2=" ">
            <subfield code="0">(orcid)0000-0003-2181-8461</subfield>
            <subfield code="1">367183</subfield>
            <subfield code="a">JOSE LUIS CAPABLO, LIESA</subfield>
        </datafield>
        <datafield tag="700" ind1=" " ind2=" ">
            <subfield code="0">''</subfield>
            <subfield code="1">360983</subfield>
            <subfield code="a">SANTIAGO JULIAN CARRIZO, SIERRA</subfield>
        </datafield>
        <datafield tag="700" ind1=" " ind2=" ">
            <subfield code="0">''</subfield>
            <subfield code="1">391392</subfield>
            <subfield code="a">ANTONIO CASTANERA, MOROS</subfield>
        </datafield>
        <datafield tag="700" ind1=" " ind2=" ">
            <subfield code="0">(orcid)0000-0001-7043-0952</subfield>
            <subfield code="1">387349</subfield>
            <subfield code="a">FERNANDO CIVEIRA, MURILLO</subfield>
        </datafield>
        <datafield tag="700" ind1=" " ind2=" ">
            <subfield code="0">''</subfield>
            <subfield code="1">151683</subfield>
            <subfield code="a">JOAQUIN CARLOS COSTAN, GALICIA</subfield>
        </datafield>
        <datafield tag="700" ind1=" " ind2=" ">
            <subfield code="0">(orcid)0000-0002-1253-3248</subfield>
            <subfield code="1">385737</subfield>
            <subfield code="a">JAVIER DEUS, FOMBELLIDA</subfield>
        </datafield>
        <datafield tag="700" ind1=" " ind2=" ">
            <subfield code="0">(orcid)0000-0003-0249-3104</subfield>
            <subfield code="1">404732</subfield>
            <subfield code="a">RAUL EMBUN, FLOR</subfield>
        </datafield>
        <datafield tag="700" ind1=" " ind2=" ">
            <subfield code="0">''</subfield>
            <subfield code="1">367033</subfield>
            <subfield code="a">JOSÉ ANGEL FIGUEROLA, MENDAL</subfield>
        </datafield>
        <datafield tag="700" ind1=" " ind2=" ">
            <subfield code="0">''</subfield>
            <subfield code="1">462690</subfield>
            <subfield code="a">DAVID FUSTERO DE, MIGUEL</subfield>
        </datafield>
        <datafield tag="700" ind1=" " ind2=" ">
            <subfield code="0">(orcid)0000-0002-8976-6787</subfield>
            <subfield code="1">606371</subfield>
            <subfield code="a">FRANCISCO JAVIER GARCÍA, TIRADO</subfield>
        </datafield>
        <datafield tag="700" ind1=" " ind2=" ">
            <subfield code="0">(orcid)0000-0002-7284-8890</subfield>
            <subfield code="1">362417</subfield>
            <subfield code="a">JOSÉ GAZULLA, ABIO</subfield>
        </datafield>
        <datafield tag="700" ind1=" " ind2=" ">
            <subfield code="0">''</subfield>
            <subfield code="1">133595</subfield>
            <subfield code="a">LUIS MANUEL GONZÁLEZ, MARTÍNEZ</subfield>
        </datafield>
        <datafield tag="700" ind1=" " ind2=" ">
            <subfield code="0">(orcid)0000-0002-2711-066X</subfield>
            <subfield code="1">389964</subfield>
            <subfield code="a">CRISTINA IÑIGUEZ, MARTÍNEZ</subfield>
        </datafield>
        <datafield tag="700" ind1=" " ind2=" ">
            <subfield code="0">(orcid)0000-0001-6199-2953</subfield>
            <subfield code="1">585180</subfield>
            <subfield code="a">PILAR LARRODÉ, PELLICER</subfield>
        </datafield>
        <datafield tag="700" ind1=" " ind2=" ">
            <subfield code="0">''</subfield>
            <subfield code="1">472245</subfield>
            <subfield code="a">JAVIER LÁZARO, SIERRA</subfield>
        </datafield>
        <datafield tag="700" ind1=" " ind2=" ">
            <subfield code="0">(orcid)0000-0001-9096-2294</subfield>
            <subfield code="1">388432</subfield>
            <subfield code="a">JOSÉ MARÍA MARÍN, TRIGO</subfield>
        </datafield>
        <datafield tag="700" ind1=" " ind2=" ">
            <subfield code="0">(orcid)0000-0001-8530-0616</subfield>
            <subfield code="1">381104</subfield>
            <subfield code="a">JOSÉ ÁNGEL MAURI, LLERDA</subfield>
        </datafield>
        <datafield tag="700" ind1=" " ind2=" ">
            <subfield code="0">''</subfield>
            <subfield code="1">360081</subfield>
            <subfield code="a">PEDRO JESÚS MODREGO, PARDO</subfield>
        </datafield>
        <datafield tag="700" ind1=" " ind2=" ">
            <subfield code="0">(orcid)0000-0001-6752-1992</subfield>
            <subfield code="1">387340</subfield>
            <subfield code="a">ISABEL NERÍN, DE LA PUERTA</subfield>
        </datafield>
        <datafield tag="700" ind1=" " ind2=" ">
            <subfield code="0">(orcid)0000-0003-4427-505X</subfield>
            <subfield code="1">386404</subfield>
            <subfield code="a">LUIS FERNANDO PASCUAL, MILLÁN</subfield>
        </datafield>
        <datafield tag="700" ind1=" " ind2=" ">
            <subfield code="0">(orcid)0000-0002-5553-9906</subfield>
            <subfield code="1">386272</subfield>
            <subfield code="a">ALFONSO PÉREZ, TRULLÉN</subfield>
        </datafield>
        <datafield tag="700" ind1=" " ind2=" ">
            <subfield code="0">(orcid)0000-0002-9714-0768</subfield>
            <subfield code="1">386412</subfield>
            <subfield code="a">MARÍA PILAR ASUNCIÓN ROCHE, ROCHE</subfield>
        </datafield>
        <datafield tag="700" ind1=" " ind2=" ">
            <subfield code="0">''</subfield>
            <subfield code="1">133896</subfield>
            <subfield code="a">SARA ISABEL SANCHEZ, VALIENTE</subfield>
        </datafield>
        <datafield tag="700" ind1=" " ind2=" ">
            <subfield code="0">(orcid)0000-0001-5139-6031</subfield>
            <subfield code="1">315577</subfield>
            <subfield code="a">SONIA SANTOS, LASAOSA</subfield>
        </datafield>
        <datafield tag="700" ind1=" " ind2=" ">
            <subfield code="0">(orcid)0000-0002-8024-6398</subfield>
            <subfield code="1">387160</subfield>
            <subfield code="a">FRANCISCO JAVIER VILLAGRASA, COMPAIRED</subfield>
        </datafield>
        <datafield tag="830" ind1=" " ind2=" ">
            <subfield code="9">304</subfield>
        </datafield>
        <datafield tag="856" ind1="4" ind2=" ">
            <subfield code="s">33295</subfield>
            <subfield code="u">http://zaguan.unizar.es/record/71973/files/guia-26774-en.pdf</subfield>
            <subfield code="y">Guide (english)</subfield>
        </datafield>
        <datafield tag="856" ind1="4" ind2=" ">
            <subfield code="s">37097</subfield>
            <subfield code="u">http://zaguan.unizar.es/record/71973/files/guia-26774-es.pdf</subfield>
            <subfield code="y">Guía (idioma español)</subfield>
        </datafield>
        <datafield tag="970" ind1=" " ind2=" ">
            <subfield code="a">GDOC-2017-26774</subfield>
        </datafield>
        <datafield tag="980" ind1=" " ind2=" ">
            <subfield code="a">GDOC</subfield>
            <subfield code="b">Ciencias de la Salud</subfield>
            <subfield code="b">Health Sciences</subfield>
            <subfield code="c">104</subfield>
        </datafield>
    </record>

    
</collection>